000 00289nam a2200109Ia 4500
008 200302s9999 xx 000 0 und d
100 _aBride M. Whelan
245 _aColor Harmony 2 A Guide to Creative Color Combination
260 _bRockport Publishers
260 _c1994
300 _a160 P.,
999 _c1549
_d1549